MDQL
is popping MORE tags! Check the
thread
!
Quizzes
Events
Quiz Creation
Community
Videos
Private Events
Remove Ads
Sign In
Join for FREE
Feedback
Dark Mode
Quiz Categories
Sports
Geography
Music
Movies
Television
Just For Fun
Miscellaneous
History
Literature
Language
Science
Gaming
Entertainment
Religion
Holiday
For Kids
Quiz Lab
Recent
Popular Today
Quiz Kudos Today
Editor Picks
Curator Picks
Quizzes by...
Day
Popularity
Type
Ratings
Length
Year
Community
Subscriptions
Recent Discussions
Orange Saloon
Badges
Playlists
Quests
Create
Leaderboards
Showdown
Live 5
Trivia Bingo
Activity
Puzzle Library
Sporcle Events
Private Events
Virtual Trivia
Globe League
Become a Host
Pub Owners
SporcleCon
Opinionation
Our Games
Videos
Blog
Mobile Apps
Partnerships
Remove Ads and Go Orange
Feedback
Gaming
Video Games
Board Games
Card Games
Pokémon
Mario
Nintendo
Minecraft
Console
Toys
Legend of Zelda
Gaming
Video Games
Board Games
Card Games
Pokémon
Mario
Nintendo
Minecraft
Console
Toys
Legend of Zelda
Random Quiz
Search Sporcle
×
Quiz Lab
Quiz Lab
Gaming
kid
Type in answers that appear in a list
Type in answers that appear in a list
Classic
Best Score? Go Orange.
Backyard Sports Kids Stats
Can you name the Backyard Sports Kids?
By
kingd126
7m
33 Questions
236 Plays
236 Plays
236 Plays
Comments
Comments
Give Quiz Kudos
Give Quiz Kudos
-
- Ratings
hide this ad
Replay
Link that replays current quiz
Next Quiz
Link to next quiz in quiz playlist
You Got
0%
They Got
Avg Score
47%
Avg Friend Score
Upgrade to see
Score Distribution
Jump to the score distribution portion of the page
Score
0/33
Timer
07:00
0
Plays Today
Nickname
Name
% Correct
Secret Weapon
Pablo Sanchez
94%
Wheelie, Wheels
Pete Wheeler
84.3%
Axeman, Rockmed
Achmed Khan
77.4%
Sticks
Amir Khan
72.3%
K-
Man
Kenny Kawaguchi
63.4%
Vec, Tony D
Tony Delvecchio
59.1%
Funnybones, Big E
Ernie Steele
58.7%
Sugar Pop, Gelly
Angela Delvecchio
57.4%
Little Smokey, Sid
Sidney Webber
56.2%
Little Smokey, Ash
Ashley Webber
55.7%
Flash, Shuga
Kiesha Phillips
55.7%
Swan, Gooch
Vicki Kawaguchi
55.3%
Paste, Petridish
Dmitri Petrovich
52.8%
MVP
Jocinda Smith
52.3%
Big Toe, Reesie
Reese Worthington
51.1%
Nugget
Mikey Thomas
50.2%
Flipper, Fraiz
Annie Frazier
47.7%
Nickname
Name
% Correct
Stretch, D-
lish
Dante Robinson
46.8%
Lulu
Luanne Lui
43%
Bubbles
Stephanie Morgan
42.6%
Spud
Ronny Dobbs
41.7%
The Boss
Sally Dobbs
41.7%
Bonkers, Georgie-
boy
Jorge Garcia
37.4%
Cootie, Skippy
Marky DuBois
35.7%
Jabberjaw
Gretchen Hasselhoff
35.3%
Fella, JoJo
Ricky Alexander Johnson
34.9%
Twinkie Toes
Kimmy Eckman
30.6%
Mad Dog
Lisa Crockett
28.9%
Pinky, Mooney
Maria Luna
28.9%
Crazy Legs
Billie Jean Blackwood
26.8%
Joey Mac
Joey MacAdoo
14%
AC
Arthur Chen
11.1%
Sam, Ripgirl
Samantha Pearce
8.1%
Quiz Playlist
Details
Report
Send in Message
Add To Playlist
Classic:
Type in answers that appear in a list
Last Updated: Feb 16, 2017
Quiz Scoreboard
CHALLENGE
Sign Up to Join the Scoreboard
Show All
Scores
Hide
Comments
May contain spoilers
Recently Published
Image Sorting: Flags VI
by Barbecue
Geography
2m
Find the 'City' Movie
by crazypaving
Movies
60s
Colored Red Africa Blitz
by spor1
Geography
45s
More to Explore
Quiz From the Vault
Featured Blog Post
14 Easter Pick-up Lines to Find Eggs With
hide this ad
You Might Also Like...
Tags
Backyard
Backyard Sports
kid
nickname
Today's Top Quizzes in Gaming
Browse Gaming
hide this ad
Today's Top Quizzes in kid
Browse kid
Top Contributed Quizzes in Gaming
1
League of Legends Pro Players by Career/Team History
2
Destiny 2 exotic weapons by perk icons
3
Genshin murder mystery
4
Dead By Daylight Logic Puzzle
5
Genshin Impact Logic Puzzle
6
Overwatch Logic Puzzle
7
4x4 Decades: Video Games
8
Who's on the WWE 2K24 Cover?
9
Overwatch 2: Ultimate Ability Icons
10
Valorant Agent Developer Names (Up to Clove)
Explore More
Trending Topics
Crossword
Kpop
NBA
Anime
Harry Potter
Disney
Marvel
Soccer
Song
NFL
Pokémon
Country
The Office
Puzzle
WWE
hide this ad
More By:
kingd126
Quiz
Plays
Rating
Category
Featured
Created
Backyard Sports Kids
236
5.00
Gaming
Oct 11, 2009
Go to Creator's Profile
Score Distribution
Quiz Creator Spotlight
kingd126
Follow
Send a Message
Quizzes Created
-
Created Quiz Play Count
-
More By This Creator
Popular Quizzes Today
1
Colored Red Africa Blitz
2
Find the US States - No Outlines Minefield
3
Find the 'City' Movie
4
5x2 Blitz: Bands
5
The Countries of the World
6
Find the US States
7
Find the Countries of Europe - No Outlines Minefield
8
US States
More Gaming Quizzes
February First Generation Pokémon
Quiz Lab
Trending Quizzes
Colored Red Europe Blitz I
Colored Red Europe Blitz II
Colored Red Africa Blitz II
Colored Red Europe Blitz III
Colored Red Africa Blitz III
Recently Updated
How Do You Spell That?
pecheneg
Godzilla Movies
pecheneg
Grab Bag: 4-10 Letters
pecheneg
2024 March Madness Bracket
pecheneg
Famous TV Couples
Peacemaker
Champions League XIs: Real Madrid
pecheneg
Largest US Cities 1790-2010
pecheneg
Rides in Walt Disney World
pecheneg
Most Oscar Losses (Acting)
pecheneg
Beyoncé Albums
pecheneg
Trending Topics
Disney
Anime
NBA
Crossword
Marvel
Kpop
Harry Potter
NFL
Country
Puzzle
Soccer
WWE
Pokémon
The Office
Song
Your Account Isn't Verified!
In order to create a playlist on Sporcle, you need to verify the email address you used during registration. Go to your
Sporcle Settings
to finish the process.
Report this User
Report this user for behavior that violates our
Community Guidelines
.
Details:
Send Report
Go to the Sporcle.com Mobile Site →
Comments